Statistics for Words Made From: Algeria

Click here to take the quiz!

General Stats

  • This quiz has been taken 33 times
    (32 since last reset)
  • The average score is 12 of 26

Answer Stats

LettersAnswer% Correct
4Gale
80%
4Real
80%
4Rage
77%
4Gear
70%
4Lair
67%
5Regal
63%
5Lager
60%
5Glare
57%
4Liar
57%
4Rail
57%
4Alga
53%
4Aria
53%
4Rial
53%
4Girl
50%
5Algae
47%
5Grail
43%
5Large
43%
4Lira
37%
4Area
30%
4Rile
30%
6Aerial
27%
4Gala
27%
4Agar
20%
7Regalia
20%
4Earl
13%
5Agile
7%

Score Distribution

Percentile by Number Answered

Percent of People with Each Score

Your Score History

You have not taken this quiz since the last reset